Sports Quiz

Random Sports Quiz

Sports: Spell 'Duane' Quiz Stats

Quiz not verified by Sporcle

Challenge
Share
Tweet
Embed
Score 0/7 Timer 08:00
0 Plays Today
Athlete/Coach First Name % Correct
Jarrett: WR for the Carolina Panthers who played at Southern CaliforniaDwayne
79.2%
Brown: OT who was drafted by the Houston Texans with the 26th pick of the 2008 NFL DraftDuane
75.2%
Wade: SG for the Miami Heat who was the 5th pick of the 2003 NBA DraftDwyane
74.3%
Wise: current OF for the Philadelphia Phillies who is most famous for his 9th inning catch in Mark Buehrle's perfect gameDeWayne
51.5%
Casey: former head coach for the Minnesota Timberwolves and current assistant coach for the Dallas MavericksDwane
42.6%
Chambers: one of the fastest European sprinters in the history of recorded athleticsDwain
26.7%
Davis: free safety from Syracuse who signed with the Dallas Cowboys in 2008 as an undrafted free agent and is currently a free agentDowayne
2%

You're not logged in!

Compare scores with friends on all Sporcle quizzes.
Sign Up with Email
OR
Log In

You Might Also Like...

Show Comments

Extras

Top Quizzes Today


Score Distribution

Your Account Isn't Verified!

In order to create a playlist on Sporcle, you need to verify the email address you used during registration. Go to your Sporcle Settings to finish the process.

Report this User

Report this user for behavior that violates our Community Guidelines.

Details: